Emotions and affect in writing centers /

Twenty-eight contributors examine how emotions and affect are inextricably linked to writing center scholarship and practice.

Bibliographic Details
Other Authors: Concannon, Kelly (Editor), Morris, Janine, 1985- (Editor)
Format: Book
Language:English
Published: Anderson, South Carolina : Parlor Press, [2022].
Series:Writing program administration (Series)
Subjects:

MARC

Tag First Indicator Second Indicator Subfields
LEADER 00000cam a2200000 i 4500
001 in00004633813
003 OCoLC
008 220628t20222022scu b 001 0 eng
005 20250816185342.2
010 |a  2022027506 
020 |a 164317312X  |q paperback 
020 |a 1643173138  |q hardcover 
020 |a 9781643173122  |q paperback 
020 |a 9781643173139  |q hardcover 
020 |z 9781643173146  |q electronic book 
020 |z 9781643173153  |q electronic publication 
035 |a (OCoLC)1333930673 
040 |a DLC  |e rda  |c DLC 
050 0 0 |a PE1404  |b .E466 2022 
082 0 0 |a 808/.0420711  |2 23/eng/20220629 
245 0 0 |a Emotions and affect in writing centers /  |c edited by Janine Morris and Kelly Concannon. 
264 1 |a Anderson, South Carolina :  |b Parlor Press,  |c [2022]. 
264 4 |c ©2022. 
300 |a xxvi, 317 pages ;  |c 24 cm. 
336 |a text  |b txt  |2 rdacontent 
337 |a unmediated  |b n  |2 rdamedia 
338 |a volume  |b nc  |2 rdacarrier 
490 1 |a Writing program administration 
504 |a Includes bibliographical references and index. 
520 |a Twenty-eight contributors examine how emotions and affect are inextricably linked to writing center scholarship and practice. 
650 0 |a English language  |x Rhetoric  |x Study and teaching. 
650 0 |a Rhetoric and psychology. 
650 0 |a Writing centers. 
700 1 |a Concannon, Kelly,  |e editor. 
700 1 |a Morris, Janine,  |d 1985-  |e editor. 
830 0 |a Writing program administration (Series) 
945 |b 535366 
947 |a A14851368440 
948 |a dmitchel 1/11/23 3.10.20 
999 f f |i b7bbf6c3-7c33-4129-8f2e-d48b0068a1cb  |s ac03b064-ddc4-483d-ac64-2e2dbc2170a1  |t 0 
952 f f |p normal  |a Texas A&M University  |b College Station  |c Sterling C. Evans Library  |d Evans: Library Stacks  |t 0  |e PE1404 .E466 2022  |h Library of Congress classification  |i unmediated -- volume  |m A14851368440 
998 f f |a PE1404 .E466 2022  |t 0  |l Evans: Library Stacks